| 000 | 00784nam a2200205 i 4500 | ||
|---|---|---|---|
| 001 | 22053 | ||
| 003 | ES-MaACL | ||
| 005 | 20260303063010.0 | ||
| 007 | t| | ||
| 008 | 021129s1853 sp |||| | spa d | ||
| 100 | 1 |
_aAlfieri, Vittorio, _d1749-1803 _919840 |
|
| 245 | 1 | 0 |
_aMérope _b: tragedia en cinco actos / _cde Alfieri ; traducción de Juan Eugenio Harcenbusch (sic). |
| 260 |
_a[Madrid : _bs.n., _c1853] ( _fImp. del Seminario e Ilustración) |
||
| 300 |
_a24 p. : _bil. ; _c23 cm. |
||
| 490 | 1 | _aFolletín de las Novedades | |
| 700 | 1 |
_aHartzenbusch, Juan Eugenio, _d1806-1880 _962011 |
|
| 830 | 0 |
_aFolletín de las novedades _9185765 |
|
| 852 |
_aES-MaACL _jG-4762(3) _z- Enc. con otras obras _q- Sin port. _z. - Legado M. de la Fuente |
||
| 999 |
_c22053 _d22053 |
||